<?xml version='1.0' encoding='UTF-8'?>
  <record xmlns="http://www.loc.gov/MARC21/slim">
    <leader>00000nem a2200000 i 4500</leader>
    <controlfield tag="001">ocn980449457</controlfield>
    <controlfield tag="003">OCoLC</controlfield>
    <controlfield tag="005">20250206020710.3</controlfield>
    <controlfield tag="008">040902s1823    ne        a     0   dut d</controlfield>
    <datafield tag="040" ind1=" " ind2=" ">
      <subfield code="a">QGJ</subfield>
      <subfield code="b">dut</subfield>
      <subfield code="c">QGJ</subfield>
      <subfield code="d">OCLCO</subfield>
      <subfield code="d">OCLCL</subfield>
      <subfield code="d">OCLCQ</subfield>
    </datafield>
    <datafield tag="035" ind1=" " ind2=" ">
      <subfield code="a">(OCoLC)980449457</subfield>
    </datafield>
    <datafield tag="041" ind1=" " ind2=" ">
      <subfield code="a">dut</subfield>
    </datafield>
    <datafield tag="084" ind1=" " ind2=" ">
      <subfield code="a">74.20</subfield>
      <subfield code="2">bcl</subfield>
    </datafield>
    <datafield tag="100" ind1="1" ind2=" ">
      <subfield code="a">Krayenhoff, Cornelius Rudolphus Theodorus,</subfield>
      <subfield code="d">1758-1840.</subfield>
    </datafield>
    <datafield tag="245" ind1="1" ind2="0">
      <subfield code="a">Kaarten en en platen, behoorende tot het werk, getiteld: Proeve van een ontwerp tot scheiding der rivieren de Whaal en de Boven-Maas ... /</subfield>
      <subfield code="c">door ... C. R. T. Krayenhoff ; Dl. Veelwaard en Zoon sculps.</subfield>
    </datafield>
    <datafield tag="246" ind1="1" ind2=" ">
      <subfield code="a">Kaart in twee bladen van de rivieren de Whaal, de Merwede en hare killen ...</subfield>
    </datafield>
    <datafield tag="255" ind1=" " ind2=" ">
      <subfield code="a">Schaal [ca. 1:105.000].</subfield>
    </datafield>
    <datafield tag="264" ind1=" " ind2="1">
      <subfield code="a">Nijmegen :</subfield>
      <subfield code="b">bij de Wed. Vieweg en Zoon,</subfield>
      <subfield code="c">1823.</subfield>
    </datafield>
    <datafield tag="300" ind1=" " ind2=" ">
      <subfield code="a">1 krt. in 2 bl. :</subfield>
      <subfield code="b">kopergrav. ;</subfield>
      <subfield code="c">elk bl. 36 x 61 cm, tezamen 36 x 123 cm</subfield>
    </datafield>
    <datafield tag="336" ind1=" " ind2=" ">
      <subfield code="a">cartografische afbeelding</subfield>
      <subfield code="b">cri</subfield>
      <subfield code="2">rdacontent/dut</subfield>
    </datafield>
    <datafield tag="337" ind1=" " ind2=" ">
      <subfield code="a">zonder medium</subfield>
      <subfield code="b">n</subfield>
      <subfield code="2">rdamedia/dut</subfield>
    </datafield>
    <datafield tag="338" ind1=" " ind2=" ">
      <subfield code="a">vel</subfield>
      <subfield code="b">nb</subfield>
      <subfield code="2">rdacarrier/dut</subfield>
    </datafield>
    <datafield tag="500" ind1=" " ind2=" ">
      <subfield code="a">Titel van gezamelijke omslag.</subfield>
    </datafield>
    <datafield tag="500" ind1=" " ind2=" ">
      <subfield code="a">Titel van de krt.: Kaart in twee bladen van de rivieren de Whaal, de Merwede en hare killen [...] mitsgaders van de Boven of Brabandsche Maas. Behoorende tot de proeve van een ontwerp tot scheiding dezer laatste van de Whaal en Merwede voornoemd.</subfield>
    </datafield>
    <datafield tag="500" ind1=" " ind2=" ">
      <subfield code="a">Genummerd r.b.: PL I en PL II.</subfield>
    </datafield>
    <datafield tag="500" ind1=" " ind2=" ">
      <subfield code="a">Met 4 bijl. genummerd III-VI [B.W. Dietz fec.]: PL III: Verschillende breedten van den waterspiegel van de Whaal, Merwede en Boven-Maas, PL IV: Doorsneden van onderscheidene riviervakken, PL V: Verticale doorsneden van de rivieren over de lengte, vertoonende het beloop van de waterspiegel, PL VI: Afbeelding van den Ouden Wiel en de boven-monden der Werkendamsche killen.</subfield>
    </datafield>
    <datafield tag="500" ind1=" " ind2=" ">
      <subfield code="a">Zie ook: Proeve van een ontwerp tot scheiding der rivieren de Whaal en de Boven-Maas ...</subfield>
    </datafield>
    <datafield tag="500" ind1=" " ind2=" ">
      <subfield code="a">2 schaalstokken.</subfield>
    </datafield>
    <datafield tag="651" ind1=" " ind2="7">
      <subfield code="a">Waal.</subfield>
      <subfield code="0">(NL-LeOCL)134589734.</subfield>
      <subfield code="2">gtt</subfield>
    </datafield>
    <datafield tag="651" ind1=" " ind2="7">
      <subfield code="a">Merwede.</subfield>
      <subfield code="0">(NL-LeOCL)095953698.</subfield>
      <subfield code="2">gtt</subfield>
    </datafield>
    <datafield tag="651" ind1=" " ind2="7">
      <subfield code="a">Maas.</subfield>
      <subfield code="0">(NL-LeOCL)078580315.</subfield>
      <subfield code="2">gtt</subfield>
    </datafield>
    <datafield tag="700" ind1="1" ind2=" ">
      <subfield code="a">Veelwaard, Daniel,</subfield>
      <subfield code="d">1766-1851.</subfield>
    </datafield>
    <datafield tag="700" ind1="1" ind2=" ">
      <subfield code="a">Veelwaard, Danie͏̈l,</subfield>
      <subfield code="d">1796-1868.</subfield>
      <subfield code="1">https://id.oclc.org/worldcat/entity/E39PBJmHK6T6rB6VMpVrFbhCQq</subfield>
    </datafield>
    <datafield tag="700" ind1="1" ind2=" ">
      <subfield code="a">Dietz, Barentie Willem,</subfield>
      <subfield code="d">1793-1864.</subfield>
    </datafield>
    <datafield tag="856" ind1="4" ind2="1">
      <subfield code="u">http://objects.library.uu.nl/reader/resolver.php?obj=002080180&amp;type=2</subfield>
      <subfield code="x">Online</subfield>
      <subfield code="z">Full text</subfield>
    </datafield>
    <datafield tag="936" ind1=" " ind2=" ">
      <subfield code="a">BATCHLOAD</subfield>
    </datafield>
  </record>